000 00483nam a2200181Ia 4500
001 9552
003 GE_BSU
008 181216s||||||||xx |||||||||||||| ||und||
020 _a9770201729000
040 _cGE_BSU
245 _aБанковские технологии № 02(217) 2014
245 _cГл. ред.Ю.Н.Гордеев
260 _aМосква
260 _c2014
300 _a62стр. 29см.
653 _aБанковские технологии
942 _cCR
999 _c42846
_d42846